| 000 | 00788nam a2200229 a 4500 | ||
|---|---|---|---|
| 005 | 20240925064821.0 | ||
| 008 | 081108s2000 mx r 000 0 spa d | ||
| 020 | _a9264460497 | ||
| 035 | _aUPN01000165643 | ||
| 049 | _aUNE | ||
| 080 | _a342.25 (72) "1998" GRE No.98. | ||
| 100 | 1 | _aGreffe, Xavier | |
| 245 | 1 | 0 | _aDescentralización e infraestructura local en México: Una nueva política pública para el desarrollo/ por Xavier Greffe; con la colaboración de Craig Kennedy; Evan Walker; Josef Konvitz. |
| 260 | _aParís: OCDE, 1998. | ||
| 300 | _a121 p.; 23 cm. il. | ||
| 440 | 0 | _aPerspectivas OCDE; 98 | |
| 690 | _aDescentralización | ||
| 690 |
_aPolítica económica _91147 |
||
| 690 |
_aGobierno local _917057 |
||
| 690 | _aPolítica de desarrollo | ||
| 905 | _aUNESCO | ||
| 999 |
_c137755 _d137755 |
||